| 000 | 00000nam 2200000za 4500 |
| 001 | 9.836377 |
| 003 | CaOODSP |
| 005 | 20230131161137 |
| 007 | cr ||||||||||| |
| 008 | 170508s1909 onci |ob f001 0 eng d |
| 040 | |aCaOODSP|beng |
| 043 | |an-cn--- |
| 086 | 1 |aM40-2/1909E-PDF |
| 110 | 2 |aGeological Survey of Canada. |
| 245 | 00|aCatalogue of publications of the Geological Survey of Canada |h[electronic resource]. |
| 246 | 36|aPublications of the Geological & Natural History Survey of Canada |
| 250 | |aRev. to January 1, 1909. |
| 260 | |aOttawa : |bDepartment of Mines, Geological Survey Branch,|c1909 |e |f(Printed bu C.H. Parmelee) |
| 300 | |a181 p. |
| 500 | |a"Museum and Offices, Sussex Street, Ottawa". |
| 500 | |aDigitized edition from print produced 2016 [by Natural Resources Canada] |
| 504 | |aIncludes bibliographic references and index. |
| 505 | 2 |aActs respecting the Department of Geological Survey (53 Victoria, Chap. 11 and 62-63 Victoria, Chap. 21) [Assented to 16th May, 1890 and 11th Aug. 1899] -- Part I. Reports of progress, annual reports and summary reports, in order of publication -- Part II. Publications and maps arranged according to locality -- Part III. Authors' reports published as separates or in annual summaries -- Part IV. Reports (since 1885) relating especially to (a) Economics, (b) Palaeontology (c) Zoology (d) Ethnology and Archaeology (e) Botany -- Part V. List of the principal reports included in the director's summary reports since 1894 -- Part VI. List of reports on economic subjects included in the reports of the Mines Section of the Geological Survey (prior to June 19, 1907) -- Index. |
| 520 | |aLists the publications of the Geological Survey of Canada from 1843 until 1909 with arrangements by order of publication, locality, author, and subject. |
| 692 | 07|2gccst|aGeology |
| 692 | 07|2gccst|aBibliographies |
| 795 | |tCatalogue of publications of the Geological Survey of Canada |w(CaOODSP)9.836376 |
| 856 | 40|qPDF|s14.99 MB|uhttps://publications.gc.ca/collections/collection_2017/rncan-nrcan/M40-2-1909-eng.pdf |
| 986 | |aNo. 1073 |